Свод предположений местных начальств по раскладкам земских сборов Степных областей на 1898 год (Запись № 12014006)
[ простой вид ]
| 000 -МАРКЕР | |
|---|---|
| контрольное поле | 01919nam0a2200349 4500 |
| 001 - ИДЕНТИФИКАТОР ЗАПИСИ | |
| контрольное поле | RU\NLR\BIBL_A\012124985 |
| 005 - ИДЕНТИФИКАТОР ВЕРСИИ | |
| контрольное поле | 20260407114722.0 |
| 035 ## - ДРУГИЕ СИСТЕМНЫЕ НОМЕРА | |
| Идентификатор записи | (NLR Aleph) 012124985 |
| 100 ## - ДАННЫЕ ОБЩЕЙ ОБРАБОТКИ | |
| Данные общей обработки | 20191021d1898 |||y0rusy50 ca |
| 101 0# - ЯЗЫК РЕСУРСА | |
| Язык текста, звукозаписи и т.д. | русский |
| 102 ## - СТРАНА ПУБЛИКАЦИИ ИЛИ ПРОИЗВОДСТВА | |
| Страна публикации | российская федерация |
| 105 ## - ПОЛЕ КОДИРОВАННЫХ ДАННЫХ: ТЕКСТОВЫЕ МАТЕРИАЛЫ, МОНОГРАФИЧЕСКИЕ | |
| Кодированные данные о монографическом текстовом документе | y z 000zy |
| 200 1# - ЗАГЛАВИЕ И СВЕДЕНИЯ ОБ ОТВЕТСТВЕННОСТИ | |
| Основное заглавие | Свод предположений местных начальств по раскладкам земских сборов Степных областей на 1898 год |
| Сведения, относящиеся к заглавию | приложение 2-е к представлению Министра Финансов от 7 февраля 1898 года № 1126 |
| 210 ## - ПУБЛИКАЦИЯ, РАСПРОСТРАНЕНИЕ И ДР. | |
| Место издания, распространения и т.д. | [С.-Петербург] |
| Имя издателя, распространителя и т. д. | Типография П.П. Сойкина |
| Дата издания, распространения и т.д. | 1898 |
| 215 ## - ФИЗИЧЕСКАЯ ХАРАКТЕРИСТИКА | |
| Специфическое обозначение материала и объем | 13 л. |
| Размеры | 34 |
| 300 ## - ОБЩИЕ ПРИМЕЧАНИЯ | |
| Текст примечания | В конце текста: Подписал: За директора Н. Кутлер; Скрепил: За Начальника Отделения Ив. Лодыженский |
| 306 ## - ПРИМЕЧАНИЯ, ОТНОСЯЩИЕСЯ К ПУБЛИКАЦИИ, РАСПРОСТРАНЕНИЮ И ИСПОЛНЕНИЯ ИЗДАНИЯ | |
| Текст примечания | Без тит. л. и обл. |
| 309 ## - ПРИМЕЧАНИЯ ОБ ОСНОВНОМ ИСТОЧНИКЕ ИНФОРМАЦИИ И ОБ ОСОБЕННОСТЯХ ПОЛИГРАФИЧЕСКОГО ОФОРМЛЕНИЯ ИЗДАНИЯ | |
| Текст примечания | Часть текста на одной стороне листа |
| 316 ## - ПРИМЕЧАНИЯ ОБ ОСОБЕННОСТЯХ ЭКЗЕМПЛЯРА | |
| Текст примечания | Сведения о приложении дописаны чернилами |
| Организация и экземпляр, к которому относится поле | NLR |
| 606 1# - НАИМЕНОВАНИЕ ТЕМЫ КАК ПРЕДМЕТ | |
| Наименование темы | Земский бюджет |
| Формальный подзаголовок | Документы и материалы |
| Тематический подзаголовок | Своды |
| Системный номер авторитетной/нормативной записи | 2415275 |
| Идентификатор авторитетной/нормативной записи | RU\NLR\AUTH\6601657696 |
| 686 3# - ИНДЕКСЫ ДРУГИХ КЛАССИФИКАЦИЙ | |
| Индекс | У26(28)187.399.1,011 |
| 702 #1 - ИМЯ ЛИЦА - ВТОРИЧНАЯ ОТВЕТСТВЕННОСТЬ | |
| Код отношения | Подписавшее лицо |
| Графика поля | Кириллица |
| Материалы, к которым относится поле | rus |
| Начальный элемент ввода | Кутлер |
| Часть имени, кроме начального элемента ввода | Н. Н. |
| Дополнения к именам, кроме дат | гос. деятель, публицист |
| Даты | 1859-1924 |
| Расширение инициалов личного имени | Николай Николаевич |
| Системный номер авторитетной/нормативной записи | 209101 |
| Идентификатор авторитетной/нормативной записи | RU\NLR\AUTH\770209155 |
| 702 #1 - ИМЯ ЛИЦА - ВТОРИЧНАЯ ОТВЕТСТВЕННОСТЬ | |
| Код отношения | Подписавшее лицо |
| Графика поля | Кириллица |
| Материалы, к которым относится поле | rus |
| Начальный элемент ввода | Лодыженский |
| Часть имени, кроме начального элемента ввода | И. |
| Дополнения к именам, кроме дат | экономист |
| Расширение инициалов личного имени | Ив. |
| Системный номер авторитетной/нормативной записи | 215777 |
| Идентификатор авторитетной/нормативной записи | RU\NLR\AUTH\770215833 |
| 710 01 - НАИМЕНОВАНИЕ ОРГАНИЗАЦИИ - ПЕРВИЧНАЯ ОТВЕТСТВЕННОСТЬ | |
| Начальный элемент ввода | Россия |
| Структурное подразделение | Министерство финансов |
| Идентификатор авторитетной/нормативной записи | RU\NLR\AUTH\889947360 |
| Системный номер авторитетной/нормативной записи | 390360 |
| 852 ## - МЕСТОНАХОЖДЕНИЕ И ШИФР ХРАНЕНИЯ | |
| Идентификатор организации | NLR |
| Шифр хранения (Call Number) | 135/294-323(4) |
| 942 ## - ДОПОЛНИТЕЛЬНЫЕ ЭЛЕМЕНТЫ ЗАПИСИ (АБИС) | |
| Тип экземпляра АБИС | Книга |
| 980 ## - КОЛЛЕКЦИЯ | |
| Название коллекции | Национальная библиография |
Нет доступных экземпляров.